De carta em carta (Record no. 114107)

MARC details
000 -LÍDER
campo de controle de tamanho fixo 00449 a2200193 4500
001 - NÚMERO DE CONTROLE
campo de controle 114107
020 ## - ISBN - INTERNATIONAL STANDARD BOOK NUMBER
ISBN - International Standard Book Number 8516031225
041 ## - CÓDIGO DE IDIOMA
Código do idioma do texto/trilha sonora ou título diferente por
090 ## - NÚMERO DE CHAMADA LOCAL
Número de chamada (OCLC) (R); Número de chamada, CALL (RLIN) (NR) Year 4 028
092 ## - CLASSIFICAÇÃO DE DEWEY ATRIBUÍDA LOCALMENTE (OCLC)
Número de Classificação 2003339505
040 ## - FONTE DA CATALOGAÇÃO
Instituição da catalogação original BR-BrIDEA
Instituição que transcreveu o registro BR-BrIDEA
100 ## - ENTRADA PRINCIPAL--NOME PESSOAL
Nome pessoal Machado, Ana Maria
Datas associadas ao nome 1941
250 ## - EDIÇÃO
Edição . ed.
245 10 - TÍTULO
Título De carta em carta
Indicação de responsabilidade, etc. Ana Maria Machado
260 ## - PUBLICAÇÃO, DISTRIBUIÇÃO, ETC.
Local de publicação, distribuição, etc. [S.l.]
Nome do editor, distribuidor, etc. Salamandra
Data da publicação, distribuição, etc. 2002
300 ## - DESCRIÇÃO FÍSICA
Extensão 31 p.
856 ## - LOCALIZAÇÃO ELETRÔNICA E ACESSO
Uniform Resource Identifier <a href="000011/00001124.jpg">000011/00001124.jpg</a>
942 ## - ELEMENTOS DE ENTRADA ADICIONADOS (KOHA)
Tipo de material Koha Livros
Holdings
Situação do descarte Situação das perdas Fonte da classificação ou esquema de arquivamento na estante Situação física Não pode ser emprestado Biblioteca de origem Biblioteca atual Data de aquisição Total de empréstimos Número de chamada completo Código de barras Data de último acesso Data do último empréstimo Data do preço efetivo Tipo de material Koha Nota pública
    Classificação Decimal de Dewey     ECB - SUDOESTE ECB - SUDOESTE 17/09/2014 1 Year 4 028 00010231SSW 04/04/2024 21/03/2024 23/01/2024 Livros  
    Classificação Decimal de Dewey     ECB - SUDOESTE ECB - SUDOESTE 17/09/2014   Year 4 028 00010232SSW 23/01/2024   23/01/2024 Livros  
    Classificação Decimal de Dewey     ECB - SUDOESTE ECB - SUDOESTE 17/09/2014   Year 4 028 00010233SSW 23/01/2024   23/01/2024 Livros  
    Classificação Decimal de Dewey     Novo Tempo - Aureliano São José Novo Tempo - Aureliano São José 02/07/2024     if397 02/07/2024   02/07/2024 Livros D